Poesia da natureza Animais migradores (Record no. 45435)

MARC details
000 -Etiqueta do registo
Valores 00541cam a22001811 04500
100 ## - Dados gerais de processamento
Dados gerais 19931217d1944 km y0pory5003 ba
101 0# - Língua de publicação
Língua por
102 ## - País de publicação
País PT
200 1# - Titulo e menção de responsabilidade
Título próprio Poesia da natureza Animais migradores
Primeira menção de responsabilidade António de Oliveira Matos
210 #9 - Publicação
Local de publicação Lisboa
Nome do editor Edições Cosmos,
Data de publicação [D.L. 1944]
215 ## - Descrição física 
Paginação / Volumes 127, [1] p.
Outras indicações físicas il.
Dimensões 19 cm
225 2# - Colecção 
Título próprio da colecção Biblioteca "Cosmos"
Indicação de volume 53.
Nome de parte ou secção 1.ª Seccão
Informação de outro título ciências e técnicas
Indicação de volume 24
675 ## - CDU
Notação 59
700 #1 - Autor principal
Apelido Matos,
Nome António de Oliveira,
Datas 1867-1948
801 #0 - Fonte de origem
País PT
Agência BN
Regras de catalogação RPC
990 ## - Elementos KOHA
Tipo de documento MON
Holdings
Aquisição Empréstimo Código de barras Cota Permissão de empréstimo Tipo de documento Nota relativa ao exemplar
Biblioteca Municipal de Redondo Biblioteca Municipal de Redondo 056155 59 MAT Consulta presencial Livro oferta de Vergílio Ambrósio

Powered by Koha